000 00326nam a22001457a 4500
008 210309b ||||| |||| 00| 0 eng d
020 _a9780201749663
041 _aeng
080 _22nd
_a51
082 _a51
100 _a36
101 _aMAT
245 _aBeginning and Intermediate Algebra
_cLial, M.L
942 _2udc
_cBK
999 _c56093
_d56093